| 000 | 01422nam a2200337 i 4500 | ||
|---|---|---|---|
| 003 | EG-GICUC | ||
| 005 | 20260124154148.0 | ||
| 008 | 260124s1968 fr ||||fr|||| 000 0 fre d | ||
| 040 |
_aEG-GiCUC _bfre _cEG-GiCUC _dEG-GiCUC _eRda |
||
| 041 | _afre | ||
| 082 | 0 | 4 |
_221 _a341.63 _bCO . D |
| 092 | 0 | 4 | _221 |
| 099 | _aLaw1 11 341.63 CO . D 1968 | ||
| 111 |
_aColloque De Droit Nucléaire Européen _cParis, _d5-6 Mai 1966 _eAuteur |
||
| 245 | 1 | 0 |
_aDroit Nucléaire Européen / _cColloque De Droit Nucléaire Européen (Paris, 5-6 Mai 1966). |
| 264 | 1 |
_aParis : _bPresses Universitaires De France, _c1968. |
|
| 300 |
_a268 page ; _c 24 cm. _billustration ; |
||
| 336 |
_2rda contenu _a texte |
||
| 337 |
_2rda medias _aOrdinateur |
||
| 338 |
_2 transporteur rda _a Ressource en ligne |
||
| 490 |
_aTravaux Et Recherches De La Faculté De Droit Et Des Sciences Économiques De Paris _v6 |
||
| 500 | _aA. Albonetti, W. E. Belser, R. Berger, Y. Demoures Y. Devadder, G. Erler, H. Fischerhof, J. Gijssels J. Gourrier, J. Hébert, E. Jacchia, N. Pelzer R. M. Stein, J. Virole | ||
| 504 | _aBibliography: pages 200-250. 240-220 | ||
| 546 | _aTexte en français | ||
| 650 | 1 | 4 |
_aConduite de la guerre _2qrmak _x(armes et méthodes de guerre) |
| 651 | 1 | _2qrmak | |
| 700 | 1 |
_aColliard, Albert _ePréfacier |
|
| 856 | 4 | 0 | _uhttps://fll.law.cu.edu.eg/fulltext/bks/B11-06731.pdf |
| 905 | _a79 | ||
| 942 |
_2ddc _cBK _e21 _n0 |
||
| 999 |
_c58919 _d58919 |
||